Vista normal
Vista MARC
Entrada Personal Name
Número de registros utilizados en: 1
001 - CONTROL NUMBER
- control field: 67712
003 - CONTROL NUMBER IDENTIFIER
- control field: OSt
005 - DATE AND TIME OF LATEST TRANSACTION
- control field: 20251209193945.0
008 - FIXED-LENGTH DATA ELEMENTS
- fixed length control field: 251209|| aca||aabn | a|a d
040 ## - CATALOGING SOURCE
- Original cataloging agency: OSt
- Transcribing agency: OSt
100 ## - HEADING--PERSONAL NAME
- Personal name: Schérer, René
- Dates associated with a name: 1922-
670 ## - SOURCE DATA FOUND
- Source citation: Work cat.: (OSt)60085: Schérer, René 1922-, Heidegger o la experiencia del pensamiento